Southville International School and Colleges
Your cart is empty.
  • Cart
  • Lists
    Public lists Eva Luna New books Lux_list list_1
    Your lists Log in to create your own lists
  • Log in to your account
  • Your cookies
  • Search history
Southville International School and Colleges
  • Advanced search
  • Recent comments
  • Most popular
  • Libraries

Log in to your account

Log in with GOOGLE


If you do not have an external account, but do have a local account, you can still log in:

  1. Home
  2. MARC view: 365 days of wonder :
Normal view MARC view ISBD view

365 days of wonder : (Record no. 344409)

[ view plain ]
MARC details
000 -LEADER
fixed length control field 01309nam a22002177a 4500
003 - CONTROL NUMBER IDENTIFIER
control field SISC
005 - DATE AND TIME OF LATEST TRANSACTION
control field 20170926154332.0
008 - FIXED-LENGTH DATA ELEMENTS--GENERAL INFORMATION
fixed length control field 170926b xxu||||| |||| 00| 0 eng d
020 ## - INTERNATIONAL STANDARD BOOK NUMBER
International Standard Book Number 9780553509960
050 ## - LIBRARY OF CONGRESS CALL NUMBER
Classification number PZ 7
Item number .P353 2014
100 ## - MAIN ENTRY--PERSONAL NAME
Personal name Palacio, R. J.
Relator term Author
245 ## - TITLE STATEMENT
Title 365 days of wonder :
Remainder of title Mr. Browne's precepts /
Statement of responsibility, etc R.J. Palacio
260 ## - PUBLICATION, DISTRIBUTION, ETC. (IMPRINT)
Place of publication, distribution, etc New York :
Name of publisher, distributor, etc Alfred A. Knopf,
Date of publication, distribution, etc 2014.
300 ## - PHYSICAL DESCRIPTION
Extent 465 pages :
Other physical details illustrations ;
Dimensions 21 cm.
520 ## - SUMMARY, ETC.
Summary, etc August Pullman stole the hearts of over a million readers in the bestselling, award-winning WONDER. 365 DAYS OF WONDER is a beautiful companion to the novel: a collection of quotes and wise words, one for every day of the year. It includes funny, insightful, inspiring thoughts from WONDER's fans, famous authors and personalities - from Roald Dahl and Paul McCartney to Anne Frank, Tolkien and Popeye - and from the novel itself. It's the perfect gift for anyone who loved WONDER, and it's a book to be treasured and enjoyed again and again.
650 ## - SUBJECT ADDED ENTRY--TOPICAL TERM
Source of heading or term Library of Congress Subject Headings
Topical term or geographic name as entry element Conduct of life
Form subdivision Quotations, maxims, etc.
650 ## - SUBJECT ADDED ENTRY--TOPICAL TERM
Source of heading or term Library of Congress Subject Headings
Topical term or geographic name as entry element Quotations
Form subdivision Juvenile literature
650 ## - SUBJECT ADDED ENTRY--TOPICAL TERM
Source of heading or term Library of Congress Subject Headings
Topical term or geographic name as entry element Maxims
Form subdivision Juvenile literature
942 ## - ADDED ENTRY ELEMENTS (KOHA)
Source of classification or shelving scheme Library of Congress Classification
Koha item type Books
Holdings
Withdrawn status Lost status Source of classification or shelving scheme Damaged status Home library Current library Shelving location Date acquired Source of acquisition Sub Shelving location Total Checkouts Total Renewals Full call number Barcode Date last seen Date checked out Price effective from Koha item type
    Library of Congress Classification   Luxembourg Library Luxembourg Library Fiction Section 09/26/2017 Library Fund   5 3 PZ 7 .P353 2014 20464 09/10/2018 08/23/2018 09/26/2017 Books

365 days of wonder :

APA

Palacio R. J., . (2014). 365 days of wonder. New York: Alfred A. Knopf.

Chicago

Palacio R J, . 2014. 365 days of wonder. New York: Alfred A. Knopf.

Harvard

Palacio R. J., . (2014). 365 days of wonder. New York: Alfred A. Knopf.

MLA

Palacio R J, . 365 days of wonder. New York: Alfred A. Knopf. 2014.

  • Place hold
  • Print
  • Cite
  • Add to your cart (remove)
  • Save record
    BIBTEX Dublin Core MARCXML MARC (non-Unicode/MARC-8) MARC (Unicode/UTF-8) MARC (Unicode/UTF-8, Standard) MODS (XML) RIS
  • More searches
    Search for this title in:
    Other Libraries (WorldCat) Other Databases (Google Scholar) Online Stores (Bookfinder.com) Open Library (openlibrary.org)

Exporting to Dublin Core...

SOUTHVILLE LIBRARY

Southville International School and Colleges Library

1281 Tropical Ave. Cor. Luxembourg St., BF Homes International, Las Pinas City

Tel. No. 8256374 / 252358 Loc. 117/146

Powered by Koha